Państwa posiadające elektrownie jądrowe - nagła śmierć - Statystyki

Ogólne statystyki
  • Ten quiz został rozwiązany 49 razy
  • Średni wynik to 9 z 20
Answers on the Grid
Answers color-coded by a green-red scale on the quiz's grid according to % correct below.
Arabia Saudyjska
Boliwia
Brazylia
Bułgaria
Chiny
Chorwacja
Czechy
Dania
Francja
Hiszpania
Indie
Irlandia
Islandia
Japonia
Kanada
Korea Południowa
Litwa
Meksyk
Niemcy
Nigeria
Nowa Zelandia
Polska
Portugalia
Rosja
RPA
Rumunia
Serbia
Słowenia
Ukraina
USA
Węgry
Wielka Brytania
 
Statystyki odpowiedzi
Odpowiedź % Poprawnych
Chiny
77%
Francja
68%
Japonia
68%
Ukraina
68%
Korea Południowa
59%
USA
59%
Indie
55%
Rosja
55%
Wielka Brytania
55%
Czechy
50%
Hiszpania
50%
Kanada
45%
Niemcy
45%
Brazylia
41%
Bułgaria
27%
RPA
27%
Rumunia
27%
Węgry
27%
Meksyk
18%
Słowenia
14%
Nie znaleziono quizów pasujących do podanych kryteriów
Rozkład punktacji
Procent ludzi z każdym wynikiem
Percentyl według liczby udzielonych odpowiedzi
Twoja historia wyników
Nie rozwiązałeś tego quizu